000 00624nam a2200193Ia 4500
003 GCL
008 140319s9999 xx 000 0 ara d
040 _aGCL /
_cGCL
082 0 4 _a293.7
_bع س
100 1 _aعائشة عبدالرحمن
245 1 0 _aسيدات بيت النبوة( رضى الله عنهن ) /
_cعائشة عبدالرحمن
260 _a[S.N] :
_bدار الريان للتراث ،
_c1987
300 _a1047 ص ؛
_c22 سم .
490 _a
650 0 4 _aالاسلام
650 0 4 _aنساء النبى
650 0 4 _aزوجات النبى صلى الله عليه وسلم
942 _2ddc
_cBK
999 _c57069
_d57069